000
00313nam a2200121Ia 4500
008
220204s9999 xx 000 0 und d
082
_a
301.001.5
_b
BOG
100
_a
Bogdoan, R
245
0
_a
Introduction to qualitative research methods
260
_a
New York
_b
John Wiley
_c
1975
700
_a
Taylor
942
_c
BK
999
_c
29181
_d
29181